<?xml version="1.0" encoding="UTF-8"?>
<record
    xmlns:xsi="http://www.w3.org/2001/XMLSchema-instance"
    xsi:schemaLocation="http://www.loc.gov/MARC21/slim http://www.loc.gov/standards/marcxml/schema/MARC21slim.xsd"
    xmlns="http://www.loc.gov/MARC21/slim">

  <leader>007270000a22002050004500</leader>
  <datafield tag="090" ind1=" " ind2=" ">
    <subfield code="a">MM</subfield>
    <subfield code="b">00264</subfield>
  </datafield>
  <datafield tag="020" ind1=" " ind2=" ">
    <subfield code="a">9586981568</subfield>
  </datafield>
  <datafield tag="700" ind1="1" ind2=" ">
    <subfield code="a">G&#xF3;mez Villasante, David</subfield>
    <subfield code="r">Comp.</subfield>
    <subfield code="9">101079</subfield>
  </datafield>
  <datafield tag="700" ind1="1" ind2=" ">
    <subfield code="a">Bernal , Henry Yesid</subfield>
    <subfield code="r">Comp.</subfield>
    <subfield code="9">101080</subfield>
  </datafield>
  <datafield tag="700" ind1="1" ind2=" ">
    <subfield code="a">Quitiaquez, Germ&#xE1;n A.</subfield>
    <subfield code="r">Comp.</subfield>
    <subfield code="9">101081</subfield>
  </datafield>
  <datafield tag="700" ind1="1" ind2=" ">
    <subfield code="a">Betancourt, Ernesto</subfield>
    <subfield code="r">Comp.</subfield>
    <subfield code="9">101082</subfield>
  </datafield>
  <datafield tag="700" ind1="1" ind2=" ">
    <subfield code="a">Quintero, Ana Mar&#xED;a</subfield>
    <subfield code="r">Comp.</subfield>
    <subfield code="9">101083</subfield>
  </datafield>
  <datafield tag="245" ind1="1" ind2="0">
    <subfield code="a">Productos naturales y aprovechamiento sostenible de la biodiversidad nativa 2001-2004</subfield>
  </datafield>
  <datafield tag="044" ind1=" " ind2=" ">
    <subfield code="a">Colombia</subfield>
  </datafield>
  <datafield tag="300" ind1=" " ind2=" ">
    <subfield code="a">CD-ROM</subfield>
  </datafield>
  <datafield tag="440" ind1=" " ind2="0">
    <subfield code="a">Serie documentos de ciencia, tecnolog&#xED;a e innovaci&#xF3;n de los pa&#xED;ses del convenio Andr&#xE9;s Bello</subfield>
    <subfield code="9">101084</subfield>
  </datafield>
  <datafield tag="041" ind1="0" ind2=" ">
    <subfield code="a">Espa&#xF1;ol</subfield>
  </datafield>
  <datafield tag="260" ind1=" " ind2=" ">
    <subfield code="a">Bogot&#xE1;</subfield>
    <subfield code="b">CAB</subfield>
    <subfield code="c">2004</subfield>
  </datafield>
  <datafield tag="942" ind1=" " ind2=" ">
    <subfield code="c">CD-ROM</subfield>
  </datafield>
  <datafield tag="999" ind1=" " ind2=" ">
    <subfield code="c">16649</subfield>
    <subfield code="d">16649</subfield>
  </datafield>
</record>
